Дело по производству строений Санкт-Петербургского университета

Доступно только в Электронных читальных залах Найти на картеНа карте
RUSMARC
00004122nmc2a22002773x 450
001b1048eff-abc1-48ba-b4ff-098df4489f63
00520260211040255.0
100##$a20250818l18261827k l0rusy0189 ca
1010#$arus
102##$aRU
105##$ay###
1222#$ad
2001#$aДело по производству строений Санкт-Петербургского университета
$j28 апреля 1826 г. - 31 мая 1827 г.
$hЧасть 1
215##$a149 л.
$d36,5х26 см
251##$cДело
300##$aВ семи частях
300##$aНа обложке имеются карандашные пометы
300##$aОриг. заголовок дела: Дело по строительной части Санкт-Петербургского университета 1826 и 1827 годов. Часть 1. 28 апреля 1826 г. - 31 мая 1827 г
371##$aДокумент не является опубликованным и широко распространяемым
461#0$1001a74412a3-3cc5-4d21-8f0a-dfe2fbd9e72d
$12001
$aДепартамент народного просвещения Министерства народного просвещения (1803-1917)
$1251
$cФонд
$1852
$j733
462#0$1001a6622fb3-31f3-4f49-aac3-243f6793e8d6
$12001
$aДела Департамента народного просвещения за 1818-1862 годы
$1251
$cОпись
$1852
$j113
5171#$aДело по строительной части Санкт-Петербургского университета 1826 и 1827 годов. Часть 1. 28 апреля 1826 г. - 31 мая 1827 г
801#0$aRU
$bРГИА
$c20250818
$gRCR
801#1$aRU
$bГлавНИВЦ
$c20250818
$2rusmarc
801#2$aRU
$bПБ им. Б.Н. Ельцина
$c20260211
$gRCR
$2rusmarc
850##$aРГИА
852##$aРГИА
$eФедеральное казенное учреждение "Российский государственный исторический архив" (РГИА)
$j35
937##$hРГИА
$d12094455
$aASBIBLIO_SCAN
035##$aRusGRCC00089184
856##$uhttp://readingroom.main.prlib.ru/item.aspx?id_node=n200435848&mode=full
Формат отображения